000 00787nam a2200277 4500
001 22972
003 BD-RjUL
005 20211209000857.0
008 140309s1969 enk 000 1 eng
035 _a(BD-RjUL)23037
040 _aDLC
_cDLC
_dBD-RjUL
_beng
041 _aeng
082 0 0 _a822.914
_bBOD 1969
100 1 _aBowen, John
_d1924-
_970834
245 1 4 _aThe disorderly women /
_cJohn Bowen
260 _aLondon :
_bMethuen,
_cc1969.
300 _a92 p. ;
_c19 cm.
490 0 _aA Methuen modern play
650 0 _aDionysus (Greek deity)
_xDrama.
_970835
650 0 _aPentheus (Greek mythology)
_xDrama.
_970836
650 0 _aBacchantes
_xDrama.
_970837
655 7 _aTragedies.
_2gsafd
_970854
942 _2ddc
_cBK
999 _c22972
_d22972